Central Library OPAC University of Rajshahi

গানিতিক পদ্ধতি / (Record no. 52482)

MARC details
000 -LEADER
fixed length control field 00790nam a2200241 a 4500
001 - CONTROL NUMBER
control field 52482
003 - CONTROL NUMBER IDENTIFIER
rucl marc code BD-RjUL
005 - DATE AND TIME OF LATEST TRANSACTION
control field 20211209075820.0
008 - FIXED-LENGTH DATA ELEMENTS--GENERAL INFORMATION
fixed length control field 160921s1987 bg ||||| |||| 00| 0 ben d
020 ## - INTERNATIONAL STANDARD BOOK NUMBER
Terms of availability : Tk. 100.00
035 ## - SYSTEM CONTROL NUMBER
System control number (BD-RjUL)52602
040 ## - CATALOGING SOURCE
Original cataloging agency BD-RjUL
Language of cataloging ben
Transcribing agency BD-RjUL
041 ## - LANGUAGE CODE
Language code of text/sound track or separate title ben
082 ## - DEWEY DECIMAL CLASSIFICATION NUMBER
Edition number 23
Classification number 510
Author mark and year KHG 1987
100 1# - MAIN ENTRY--PERSONAL NAME
Personal name খলিল, ফররুখ
9 (RLIN) 123297
245 10 - TITLE STATEMENT
Title গানিতিক পদ্ধতি /
Statement of responsibility, etc. ফররুখ খলিল
260 ## - PUBLICATION, DISTRIBUTION, ETC. (IMPRINT)
Place of publication, distribution, etc. ঢাকা :
Name of publisher, distributor, etc. বাংলা একাডেমী,
Date of publication, distribution, etc. ১৯৮৭
300 ## - PHYSICAL DESCRIPTION
Pagination খণ্ড ;
Size ২৫ সেমি.
505 ## - FORMATTED CONTENTS NOTE
Formatted contents note খণ্ড ১ -- ; খণ্ড ২ -- ; খণ্ড ৩--
650 ## - SUBJECT ADDED ENTRY--TOPICAL TERM
Topical term or geographic name as entry element গনিত
9 (RLIN) 156975
Topical term or geographic name as entry element Mathematics
9 (RLIN) 156976
942 ## - ADDED ENTRY ELEMENTS (KOHA)
Source of classification or shelving scheme Dewey Decimal Classification
Koha item type Books
Holdings
Lost status Source of classification or shelving scheme Damaged status Not for loan Collection code Permanent Location Current Location Shelving location Date acquired Source of acquisition Cost, normal purchase price Total Checkouts Full call number Date last seen Copy number Koha item type
  Dewey Decimal Classification     Non-fiction Central Library, University of Rajshahi Central Library, University of Rajshahi   24/10/1987 Bangla Academy, Dhaka 100.00   B 510 KHG V-3 1987 21/09/2016 C-2 Books
  Dewey Decimal Classification     Non-fiction Central Library, University of Rajshahi Central Library, University of Rajshahi   30/09/1992 Bangla Academy, Dhaka 100.00   B 510 KHG V-3 1987 21/09/2016 C-3 Books
  Dewey Decimal Classification     Non-fiction Central Library, University of Rajshahi Central Library, University of Rajshahi   14/10/1987 Bangla Academy, Dhaka 125.00   B 510 KHG V-1 1987 25/09/2016 C-2 Books
  Dewey Decimal Classification     Non-fiction Central Library, University of Rajshahi Central Library, University of Rajshahi   24/10/1987 Bangla Academy, Dhaka 100.00   B 510 KHG V-2 1985 26/09/2016 C-2 Books
  Dewey Decimal Classification     Non-fiction Central Library, University of Rajshahi Central Library, University of Rajshahi   24/10/1987 Bangla Academy, Dhaka 125.00   B 510 KHG V-1 1986 26/09/2016 C-3 Books
  Dewey Decimal Classification   Not For Loan Non-fiction Central Library, University of Rajshahi Central Library, University of Rajshahi Reading Room 13/10/1992 Bangla Academy 0.00   B 510 KHG V-2 1985 05/04/2017 C-1 Books